[Event "Bad Woerishofen Seniors op 36th"]
[Site "Bad Woerishofen"]
[Date "2020.03.11"]
[Round "6"]
[White "Neumann, Erwin"]
[Black "Braeu, Wolfgang"]
[Result "0-1"]
[WhiteElo "1835"]
[BlackElo "1938"]
[PlyCount "94"]
[EventDate "2020.03.05"]
[EventType "swiss"]
[EventRounds "9"]
[EventCountry "GER"]
[SourceTitle "CBM 195 Extra"]
[Source "ChessBase"]
[SourceDate "2020.05.31"]
[SourceVersion "1"]
[SourceVersionDate "2020.05.31"]
[SourceQuality "1"]

1. e4 g6 2. d4 Bg7 3. Nf3 d6 4. c3 Nd7 5. Bd3 e5 6. d5 Ngf6 7. Qe2 0-0 8. 0-0 c6 9. c4 c5 10. Nc3 a6 11. a4 Re8 12. a5 Rb8 13. Bd2 b6 14. axb6 Nxb6 15. Rfb1 Nbd7 16. Nd1 Nh5 17. g3 Qe7 18. b4 cxb4 19. Bxb4 Nc5 20. Bxc5 Rxb1 21. Rxb1 dxc5 22. Nc3 Bg4 23. Qe3 Qc7 24. Nh4 Bd7 25. Bc2 Bf8 26. Na4 Bh3 27. Bd1 Nf6 28. Nc3 Rb8 29. Qd3 Rxb1 30. Qxb1 Qa5 31. Qd3 Nxe4 32. Qxe4 Qxc3 33. Nf3 Qa1 34. Qe1 Bd6 35. Ng5 Bg4 36. f3 Qd4+ 37. Kg2 Bf5 38. g4 Bd3 39. Qh4 h5 40. Ne6 fxe6 41. Qd8+ Bf8 42. Qd7 exd5 43. Qe6+ Kh8 44. cxd5 Qf4 45. d6 Qd2+ 46. Kg3 Qe1+ 47. Kg2 Bf1+ 0-1

[Event "Bad Woerishofen Seniors op 36th"]
[Site "Bad Woerishofen"]
[Date "2020.03.07"]
[Round "2"]
[White "Neumann, Erwin"]
[Black "Halli, Gerhard"]
[Result "0-1"]
[WhiteElo "1835"]
[BlackElo "1970"]
[PlyCount "100"]
[EventDate "2020.03.05"]
[EventType "swiss"]
[EventRounds "9"]
[EventCountry "GER"]
[SourceTitle "CBM 195 Extra"]
[Source "ChessBase"]
[SourceDate "2020.05.31"]
[SourceVersion "1"]
[SourceVersionDate "2020.05.31"]
[SourceQuality "1"]

1. e4 d5 2. exd5 Qxd5 3. Nf3 Nf6 4. d4 c6 5. Be2 Bf5 6. 0-0 e6 7. c4 Qa5 8. Nbd2 Nbd7 9. Nb3 Qc7 10. Be3 Bd6 11. g3 Bh3 12. c5 Bxf1 13. cxd6 Bxe2 14. dxc7 Bxd1 15. Rxd1 Nd5 16. Na5 Nxc7 17. Nxb7 Rb8 18. Nd6+ Ke7 19. Nc4 Nd5 20. Bc1 f6 21. b3 N7b6 22. Ba3+ Kd7 23. Nd6 Nc3 24. Re1 Nb5 25. Nxb5 cxb5 26. Nd2 Nd5 27. Ne4 b4 28. Nc5+ Kc8 29. Bb2 Re8 30. f4 Nc7 31. g4 Rb6 32. a4 Kd8 33. a5 Rb5 34. a6 Rb6 35. Ra1 Ke7 36. Kf2 Rd8 37. Kf3 Rdd6 38. Ra4 Rdc6 39. Ke4 Nxa6 40. Nxa6 Rxa6 41. Rxb4 Rcb6 42. Bc3 Kd7 43. h4 Ra3 44. Rxb6 axb6 45. Bb4 Rxb3 46. Bf8 g6 47. f5 gxf5+ 48. gxf5 Rh3 49. Bh6 Rxh4+ 50. Bf4 exf5+ 0-1

[Event "MVP-ch Seniors op 19th"]
[Site "Ostseebad Binz"]
[Date "2019.12.03"]
[Round "7"]
[White "Neumann, Erwin"]
[Black "Armbruester, Juergen"]
[Result "1/2-1/2"]
[WhiteElo "1809"]
[BlackElo "1937"]
[PlyCount "54"]
[EventDate "2019.11.27"]
[EventType "swiss"]
[EventRounds "9"]
[EventCountry "GER"]
[SourceTitle "EXT 2021"]
[Source "ChessBase"]
[SourceDate "2020.10.23"]
[SourceVersion "1"]
[SourceVersionDate "2020.10.23"]
[SourceQuality "1"]

1. e4 e5 2. Nf3 Nf6 3. Nxe5 d6 4. Nf3 Nxe4 5. Qe2 Qe7 6. d3 Nf6 7. Nc3 c6 8. Qxe7+ Bxe7 9. Be2 Bg4 10. h3 Bh5 11. g4 Bg6 12. Nh4 Na6 13. Nxg6 hxg6 14. Be3 Nc7 15. 0-0-0 Nfd5 16. Ne4 Nxe3 17. fxe3 d5 18. Nd2 Bg5 19. e4 dxe4 20. dxe4 0-0-0 21. Bc4 Rd7 22. Rhf1 f6 23. Rf3 b5 24. Bd3 Rhd8 25. b4 Ne6 26. Kb2 Nf4 27. Nb3 Ne6 1/2-1/2

[Event "MVP-ch Seniors op 19th"]
[Site "Ostseebad Binz"]
[Date "2019.11.28"]
[Round "2"]
[White "Traut, Alexander"]
[Black "Neumann, Erwin"]
[Result "0-1"]
[WhiteElo "1590"]
[BlackElo "1809"]
[PlyCount "58"]
[EventDate "2019.11.27"]
[EventType "swiss"]
[EventRounds "9"]
[EventCountry "GER"]
[SourceTitle "EXT 2021"]
[Source "ChessBase"]
[SourceDate "2020.10.23"]
[SourceVersion "1"]
[SourceVersionDate "2020.10.23"]
[SourceQuality "1"]

1. e4 e5 2. Nf3 Nf6 3. d3 Nc6 4. c3 d5 5. Qc2 Bc5 6. h3 Qd6 7. Be2 a5 8. 0-0 0-0 9. a4 h6 10. Na3 Bxa3 11. Rxa3 d4 12. Bd2 Be6 13. c4 Nd7 14. Raa1 f5 15. b3 f4 16. Kh2 Rf6 17. Nh4 g5 18. Nf5 Bxf5 19. exf5 e4 20. Bg4 e3 21. Be1 f3+ 22. g3 e2 23. Rg1 Nce5 24. b4 axb4 25. c5 Qxc5 26. Qxc5 Nxc5 27. Bxb4 Ncxd3 28. Be7 Nxg4+ 29. hxg4 Nxf2 0-1

[Event "MVP-ch Seniors op 18th"]
[Site "Ostseebad Binz"]
[Date "2018.12.02"]
[Round "5"]
[White "Kuehne, Klaus Dieter"]
[Black "Neumann, Erwin"]
[Result "1-0"]
[WhiteElo "2050"]
[BlackElo "1852"]
[PlyCount "39"]
[EventDate "2018.11.28"]
[EventType "swiss"]
[EventRounds "9"]
[EventCountry "GER"]
[SourceTitle "CBM 188 Extra"]
[Source "ChessBase"]
[SourceDate "2019.02.26"]
[SourceVersion "1"]
[SourceVersionDate "2019.02.26"]
[SourceQuality "1"]

1. d4 Nf6 2. Nf3 e6 3. c4 b6 4. g3 Bb7 5. Bg2 Be7 6. 0-0 0-0 7. d5 exd5 8. cxd5 Bxd5 9. Nc3 Bc6 10. Qc2 a5 11. Rd1 Na6 12. e4 Nc5 13. Nd4 Bb7 14. e5 Ng4 15. Bxb7 Nxb7 16. Qe4 Nxf2 17. Kxf2 Qc8 18. Nd5 Bc5 19. Be3 d6 20. Ne7+ 1-0

[Event "Bad Woerishofen op 34th"]
[Site "Bad Woerishofen"]
[Date "2018.02.23"]
[Round "1"]
[White "Neumann, Erwin"]
[Black "Lange, Manfred"]
[Result "1-0"]
[WhiteElo "1789"]
[BlackElo "2061"]
[PlyCount "73"]
[EventDate "2018.02.23"]
[EventType "swiss"]
[EventRounds "9"]
[EventCountry "GER"]
[SourceTitle "EXT 2019"]
[Source "ChessBase"]
[SourceDate "2018.10.10"]
[SourceVersion "1"]
[SourceVersionDate "2018.10.10"]
[SourceQuality "1"]

1. e4 c5 2. Nf3 Nc6 3. d4 cxd4 4. Nxd4 e6 5. c3 a6 6. g3 Nf6 7. Bg2 Qb6 8. 0-0 Bc5 9. Nb3 Be7 10. Be3 Qc7 11. N1d2 b5 12. Rc1 Bb7 13. f4 d6 14. Nd4 Rd8 15. Qe2 0-0 16. g4 h5 17. gxh5 Na5 18. b3 d5 19. e5 Ne8 20. Qg4 Bc8 21. N2f3 Nc6 22. h6 g6 23. h4 Kh7 24. h5 Rg8 25. Ng5+ Bxg5 26. fxg5 Nxe5 27. Qg3 f6 28. Bf4 gxh5 29. Qh2 Qe7 30. gxf6 Nxf6 31. Bxe5 Ng4 32. Qxh5 Nxe5 33. Qxe5 Rxg2+ 34. Kxg2 Rg8+ 35. Kf2 Qh4+ 36. Ke2 Rg2+ 37. Kd1 1-0

[Event "GER-chB Seniors 29th"]
[Site "Berlin"]
[Date "2017.08.11"]
[Round "6"]
[White "Neumann, Erwin"]
[Black "Scholz, Werner"]
[Result "0-1"]
[WhiteElo "1838"]
[BlackElo "1688"]
[PlyCount "114"]
[EventDate "2017.08.07"]
[EventType "swiss"]
[EventRounds "9"]
[EventCountry "GER"]
[SourceTitle "EXT 2019"]
[Source "ChessBase"]
[SourceDate "2018.10.10"]
[SourceVersion "1"]
[SourceVersionDate "2018.10.10"]
[SourceQuality "1"]

1. e4 c5 2. c3 Nf6 3. e5 Nd5 4. Nf3 Nc6 5. d4 cxd4 6. Na3 d6 7. exd6 e6 8. c4 Nf6 9. Nb5 Bxd6 10. Nxd6+ Qxd6 11. Be2 0-0 12. 0-0 e5 13. Bg5 Re8 14. Re1 Ne4 15. Bd3 Nc5 16. Bb1 Bg4 17. h3 Bh5 18. g4 Bg6 19. Nh4 Bxb1 20. Rxb1 f6 21. Nf5 Qe6 22. Bh4 Rad8 23. b4 Nd7 24. b5 Ne7 25. Nxd4 Qxc4 26. Qb3 Nb6 27. Qxc4+ Nxc4 28. Nf3 h6 29. a4 g5 30. Bg3 Rd3 31. Kg2 Kf7 32. Rbc1 Rc8 33. h4 Ra3 34. hxg5 hxg5 35. Ra1 Rxa1 36. Rxa1 Nd5 37. a5 Rc5 38. a6 b6 39. Ra4 Nc7 40. Rxc4 Rxc4 41. Bxe5 Nxb5 42. Kg3 Ke6 43. Bb8 Ra4 44. Nd2 Rxa6 45. f4 Ra3+ 46. Kf2 gxf4 47. Bxf4 Nd4 48. Be3 Kd5 49. g5 fxg5 50. Bxg5 b5 51. Be7 Ra2 52. Bb4 a5 53. Bc3 b4 54. Bxd4 Kxd4 55. Ke1 a4 56. Kd1 Kd3 57. Nb1 Rc2 0-1

[Event "MVP-ch Seniors op 16th"]
[Site "Binz"]
[Date "2016.11.26"]
[Round "4.39"]
[White "Graubaum, Hans Joachim"]
[Black "Neumann, Erwin"]
[Result "1-0"]
[WhiteElo "2023"]
[BlackElo "1838"]
[PlyCount "61"]
[EventDate "2016.11.23"]
[EventType "swiss"]
[EventRounds "9"]
[EventCountry "GER"]
[SourceTitle "EXT 2018"]
[Source "ChessBase"]
[SourceDate "2017.10.13"]
[SourceVersion "1"]
[SourceVersionDate "2017.10.13"]
[SourceQuality "1"]

1. e4 e5 2. Nf3 Nf6 3. d4 Nxe4 4. Nxe5 d5 5. Bd3 Nf6 6. 0-0 Be7 7. Re1 0-0 8. Nd2 Nc6 9. c3 Be6 10. Ndf3 Nxe5 11. dxe5 Nd7 12. Nd4 g6 13. Nxe6 fxe6 14. Qg4 Kf7 15. Bh6 Rh8 16. Re3 Qg8 17. Rf3+ Ke8 18. Re1 Bf8 19. Bxf8 Nxf8 20. Qb4 Rb8 21. Qa4+ Nd7 22. Qxa7 Qg7 23. c4 Ke7 24. cxd5 Nxe5 25. Rfe3 Nxd3 26. Rxd3 Qxb2 27. Qc5+ Kf6 28. Rf3+ Kg5 29. dxe6+ Kh6 30. Rh3+ Kg7 31. Qxc7+ 1-0

[Event "MVP-ch Seniors op 16th"]
[Site "Binz"]
[Date "2016.11.23"]
[Round "1.14"]
[White "Neumann, Erwin"]
[Black "Kuehne, Klaus Dieter"]
[Result "0-1"]
[WhiteElo "1838"]
[BlackElo "2085"]
[PlyCount "56"]
[EventDate "2016.11.23"]
[EventType "swiss"]
[EventRounds "9"]
[EventCountry "GER"]
[SourceTitle "EXT 2018"]
[Source "ChessBase"]
[SourceDate "2017.10.13"]
[SourceVersion "1"]
[SourceVersionDate "2017.10.13"]
[SourceQuality "1"]

1. e4 e5 2. Nf3 Nc6 3. d4 exd4 4. Nxd4 Bc5 5. Be3 Qf6 6. c3 Nge7 7. Bc4 d6 8. 0-0 Ne5 9. Be2 Qg6 10. Nd2 Bh3 11. Bf3 0-0 12. Kh1 Nxf3 13. Qxf3 Bd7 14. b4 Bb6 15. a4 f5 16. exf5 Nxf5 17. Qxb7 Nxe3 18. fxe3 Qd3 19. Qd5+ Kh8 20. N2f3 Rae8 21. Rfd1 Qxc3 22. a5 Bxd4 23. Qxd4 Qxe3 24. Qh4 Rf4 25. Qh5 Bg4 26. Qd5 Rxf3 27. h3 Rxh3+ 28. gxh3 Bf3+ 0-1

[Event "Sachsen-Anhalt-ch Seniors 24th"]
[Site "Halberstadt"]
[Date "2016.06.02"]
[Round "5"]
[White "Neumann, Erwin"]
[Black "Gottschalk, Juergen"]
[Result "1/2-1/2"]
[WhiteElo "1847"]
[BlackElo "1597"]
[PlyCount "66"]
[EventDate "2016.05.29"]
[EventType "swiss"]
[EventRounds "7"]
[EventCountry "GER"]
[SourceTitle "EXT 2019"]
[Source "ChessBase"]
[SourceDate "2018.10.10"]
[SourceVersion "1"]
[SourceVersionDate "2018.10.10"]
[SourceQuality "1"]

1. e4 e5 2. Nf3 Nc6 3. d4 exd4 4. Nxd4 Ne5 5. Be3 d6 6. Be2 Nf6 7. Nd2 Be7 8. h3 a6 9. 0-0 0-0 10. f4 Ng6 11. c4 c5 12. Nc2 Bd7 13. Qe1 Qc7 14. Qg3 Bc6 15. Bf3 b5 16. b3 b4 17. h4 h5 18. Ne1 Kh7 19. Nd3 Rh8 20. Nf2 Rae8 21. Nh3 Bd8 22. Ng5+ Kg8 23. Rae1 a5 24. Kh1 Nh7 25. f5 Ne5 26. Bf4 Nf6 27. Bd1 Nfg4 28. Ngf3 Nxf3 29. Rxf3 Qe7 30. Bg5 f6 31. Bf4 Ne5 32. Rfe3 Bc7 33. Bc2 Qf7 1/2-1/2

[Event "Hessen-ch Seniors op 12th"]
[Site "Bad Sooden-Allendorf"]
[Date "2016.05.05"]
[Round "6"]
[White "Neumann, Erwin"]
[Black "Juergens, Peter1111"]
[Result "1/2-1/2"]
[WhiteElo "1847"]
[BlackElo "1970"]
[PlyCount "34"]
[EventDate "2016.04.30"]
[EventType "swiss"]
[EventRounds "9"]
[EventCountry "GER"]
[SourceTitle "EXT 2019"]
[Source "ChessBase"]
[SourceDate "2018.10.10"]
[SourceVersion "1"]
[SourceVersionDate "2018.10.10"]
[SourceQuality "1"]

1. e4 e6 2. d4 d5 3. Nc3 Bb4 4. Nge2 dxe4 5. a3 Bxc3+ 6. Nxc3 Nc6 7. Bb5 Nge7 8. Nxe4 0-0 9. c3 e5 10. Be3 exd4 11. cxd4 Qd5 12. Qd3 Nf5 13. Bxc6 Qxc6 14. Rc1 Qd7 15. 0-0 c6 16. Ng5 h6 17. Nf3 Rd8 1/2-1/2

[Event "Hessen-ch Seniors op 12th"]
[Site "Bad Sooden-Allendorf"]
[Date "2016.05.03"]
[Round "4"]
[White "Neumann, Erwin"]
[Black "Baumast, Bernd"]
[Result "1-0"]
[WhiteElo "1847"]
[BlackElo "1570"]
[PlyCount "25"]
[EventDate "2016.04.30"]
[EventType "swiss"]
[EventRounds "9"]
[EventCountry "GER"]
[SourceTitle "EXT 2019"]
[Source "ChessBase"]
[SourceDate "2018.10.10"]
[SourceVersion "1"]
[SourceVersionDate "2018.10.10"]
[SourceQuality "1"]

1. e4 c5 2. c3 e6 3. Nf3 d5 4. exd5 exd5 5. d4 c4 6. Be2 Nf6 7. b3 b5 8. a4 bxa4 9. bxc4 Bd7 10. c5 Be7 11. Ne5 Qa5 12. Qd3 Bb5 13. Qxb5+ 1-0

[Event "Hessen-ch Seniors op 12th"]
[Site "Bad Sooden-Allendorf"]
[Date "2016.05.02"]
[Round "3"]
[White "Gerhardt, Peter Michael"]
[Black "Neumann, Erwin"]
[Result "1-0"]
[WhiteElo "2022"]
[BlackElo "1847"]
[PlyCount "71"]
[EventDate "2016.04.30"]
[EventType "swiss"]
[EventRounds "9"]
[EventCountry "GER"]
[SourceTitle "EXT 2019"]
[Source "ChessBase"]
[SourceDate "2018.10.10"]
[SourceVersion "1"]
[SourceVersionDate "2018.10.10"]
[SourceQuality "1"]

1. d4 Nf6 2. c4 e6 3. Nc3 d5 4. Nf3 b6 5. Bg5 Be7 6. e3 Bb7 7. cxd5 Nxd5 8. Bxe7 Qxe7 9. Rc1 0-0 10. Bd3 c6 11. 0-0 Nd7 12. Nxd5 exd5 13. a4 Nf6 14. a5 bxa5 15. Rc5 Ne4 16. Rxa5 Qb4 17. Qa1 Qb6 18. b4 a6 19. Rb1 Nd6 20. Ne5 Rfd8 21. Qc3 f6 22. Nf3 Ne4 23. Bxe4 dxe4 24. Nd2 Rac8 25. Nxe4 Rd5 26. Nc5 Rcd8 27. h3 Bc8 28. Qc4 Kf8 29. Rba1 Ke7 30. Nxa6 Rxa5 31. Rxa5 Be6 32. Qc5+ Qxc5 33. Nxc5 Bc4 34. Ra7+ Kf8 35. Rc7 Rb8 36. Nd7+ 1-0

[Event "Bad Woerishofen Seniors op 32nd"]
[Site "Bad Woerishofen"]
[Date "2016.02.27"]
[Round "2"]
[White "Hartlaub, Marianne"]
[Black "Neumann, Erwin"]
[Result "0-1"]
[WhiteElo "1541"]
[BlackElo "1870"]
[PlyCount "50"]
[EventDate "2016.02.26"]
[EventType "swiss"]
[EventRounds "9"]
[EventCountry "GER"]
[SourceTitle "EXT 2019"]
[Source "ChessBase"]
[SourceDate "2018.10.10"]
[SourceVersion "1"]
[SourceVersionDate "2018.10.10"]
[SourceQuality "1"]

1. Nf3 Nf6 2. c4 d5 3. e3 e6 4. g3 b6 5. cxd5 exd5 6. Bg2 Bb7 7. 0-0 Bd6 8. d4 Nbd7 9. a3 0-0 10. Nc3 c6 11. b4 a6 12. Bb2 Rc8 13. Rc1 Re8 14. Re1 Ne4 15. h4 Ndf6 16. Nh2 Rc7 17. Na4 Rce7 18. Ng4 Re6 19. Bh3 Nxg4 20. Bxg4 Rf6 21. Rc2 Bc7 22. Kg2 Qd6 23. Nc3 Nxf2 24. Rxf2 Qxg3+ 25. Kh1 Rxf2 0-1

[Event "Bad Woerishofen Seniors op 32nd"]
[Site "Bad Woerishofen"]
[Date "2016.02.26"]
[Round "1"]
[White "Neumann, Erwin"]
[Black "Jurgan, Brigitte"]
[Result "1/2-1/2"]
[WhiteElo "1870"]
[BlackElo "1476"]
[PlyCount "82"]
[EventDate "2016.02.26"]
[EventType "swiss"]
[EventRounds "9"]
[EventCountry "GER"]
[SourceTitle "EXT 2019"]
[Source "ChessBase"]
[SourceDate "2018.10.10"]
[SourceVersion "1"]
[SourceVersionDate "2018.10.10"]
[SourceQuality "1"]

1. e4 e5 2. Nf3 Nc6 3. d4 d6 4. dxe5 Nxe5 5. Nxe5 dxe5 6. Qxd8+ Kxd8 7. Bc4 Be6 8. Bxe6 fxe6 9. Be3 Nf6 10. f3 Bd6 11. Nd2 Ke7 12. 0-0-0 Rhd8 13. g4 h6 14. h4 Ng8 15. g5 h5 16. Nb3 b6 17. Rd3 g6 18. Rhd1 Rd7 19. c4 c5 20. f4 Rad8 21. fxe5 Bxe5 22. Rxd7+ Rxd7 23. Rxd7+ Kxd7 24. Nd2 Ne7 25. Nf3 Kd6 26. a4 Nc6 27. b3 a6 28. Kc2 Nb4+ 29. Kd2 Nc6 30. Bf2 Bf4+ 31. Kd3 Nb4+ 32. Kc3 Be5+ 33. Nxe5 Kxe5 34. a5 bxa5 35. Bxc5 Nc6 36. Kd3 Kf4 37. Bf2 e5 38. Be1 Kf3 39. c5 Kf4 40. Bd2+ Kf3 41. Be1 Kf4 1/2-1/2

[Event "MVP-ch Seniors op 15th"]
[Site "Binz"]
[Date "2015.11.29"]
[Round "6.40"]
[White "Liphardt, Bodo"]
[Black "Neumann, Erwin"]
[Result "1/2-1/2"]
[WhiteElo "1899"]
[BlackElo "1729"]
[PlyCount "114"]
[EventDate "2015.11.24"]
[EventType "swiss"]
[EventRounds "9"]
[EventCountry "GER"]
[SourceTitle "EXT 2017"]
[Source "ChessBase"]
[SourceDate "2016.10.25"]
[SourceVersion "1"]
[SourceVersionDate "2016.10.25"]
[SourceQuality "1"]

1. e4 e5 2. d4 Nf6 3. dxe5 Nxe4 4. Qd4 Nc5 5. Nc3 Be7 6. Qg4 Ne6 7. Bc4 h5 8. Qf3 Nc6 9. Bxe6 dxe6 10. Qg3 Qd4 11. Nf3 Qg4 12. Nb5 Qb4+ 13. Nc3 Qg4 14. Bd2 Bd7 15. 0-0-0 0-0-0 16. Rhe1 Qxg3 17. hxg3 h4 18. gxh4 Bxh4 19. Nxh4 Rxh4 20. Bg5 Rh2 21. Bxd8 Nxd8 22. Rd2 Nc6 23. f4 b6 24. Red1 Nb8 25. g4 Rh4 26. Rg1 Bc6 27. Rf2 Nd7 28. b4 a6 29. a3 b5 30. Kd2 Nb6 31. Kd3 Nc4 32. Nb1 Rh3+ 33. Kd4 Nxa3 34. Nxa3 Rxa3 35. c3 a5 36. bxa5 Ra4+ 37. Kd3 Rxa5 38. f5 Bd5 39. Rh2 Ra4 40. Rh7 exf5 41. gxf5 Be4+ 42. Ke3 Bxf5 43. Rh8+ Kd7 44. Rxg7 Re4+ 45. Kf3 Rc4 46. Rxf7+ Ke6 47. Rhf8 Rxc3+ 48. Kf4 Rc4+ 49. Ke3 Rc3+ 50. Kd4 Rd3+ 51. Kc5 Rd5+ 52. Kb4 c5+ 53. Kxb5 Bd3+ 54. Kc6 Rxe5 55. Rf6+ Ke7 56. R8f7+ Ke8 57. Kd6 Re6+ 1/2-1/2

[Event "MVP-ch Seniors op 15th"]
[Site "Binz"]
[Date "2015.11.28"]
[Round "5.33"]
[White "Neumann, Erwin"]
[Black "Lehr, Thomas"]
[Result "0-1"]
[WhiteElo "1729"]
[BlackElo "1866"]
[PlyCount "120"]
[EventDate "2015.11.24"]
[EventType "swiss"]
[EventRounds "9"]
[EventCountry "GER"]
[SourceTitle "EXT 2017"]
[Source "ChessBase"]
[SourceDate "2016.10.25"]
[SourceVersion "1"]
[SourceVersionDate "2016.10.25"]
[SourceQuality "1"]

1. e4 Nf6 2. e5 Nd5 3. d4 d6 4. Be2 Bf5 5. c3 c6 6. Nf3 dxe5 7. Nxe5 Nd7 8. 0-0 Nxe5 9. dxe5 e6 10. a3 Be7 11. c4 Nb6 12. Qb3 Qd4 13. Be3 Qxe5 14. Nd2 Qc7 15. Nf3 0-0 16. Bd4 Nd7 17. Qe3 Bf6 18. Bxf6 Nxf6 19. Ne5 h6 20. g4 Bh7 21. Rad1 Qb6 22. Qxb6 axb6 23. Nd7 Nxd7 24. Rxd7 Rfd8 25. Rfd1 Rxd7 26. Rxd7 Rb8 27. f4 Kf8 28. Kf2 Ke8 29. Rd2 Rd8 30. Rxd8+ Kxd8 31. h4 Ke7 32. b4 Kd6 33. Ke3 e5 34. f5 h5 35. Ke4 hxg4 36. Bxg4 f6 37. Bh5 Bg8 38. Be2 Bf7 39. h5 Kc7 40. a4 b5 41. axb5 cxb5 42. cxb5 Kb6 43. Kd3 Kxb5 44. Kc3+ Kc6 45. Bf3+ Bd5 46. Be2 Be4 47. Kc4 b5+ 48. Kc3 Bxf5 49. Kd2 Bd7 50. Ke3 f5 51. Kf3 Kd5 52. Kg3 Kd4 53. Kh4 Ke3 54. Bf1 f4 55. Kg5 e4 56. Kg6 Be8+ 57. Kxg7 Bxh5 58. Bxb5 Kd4 59. Kh6 Bf7 60. Kg5 Ke5 0-1

[Event "GER-chB Seniors 27th"]
[Site "Magdeburg"]
[Date "2015.08.23"]
[Round "9"]
[White "Neumann, Erwin"]
[Black "Kurpiela, Franz"]
[Result "1-0"]
[WhiteElo "1890"]
[BlackElo "1795"]
[PlyCount "55"]
[EventDate "2015.08.15"]
[EventType "swiss"]
[EventRounds "9"]
[EventCountry "GER"]
[SourceTitle "EXT 2018"]
[Source "ChessBase"]
[SourceDate "2017.10.13"]
[SourceVersion "1"]
[SourceVersionDate "2017.10.13"]
[SourceQuality "1"]

1. e4 e5 2. Nf3 Nf6 3. Nxe5 d6 4. Nf3 Nxe4 5. d3 Nf6 6. h3 h6 7. c4 d5 8. Qc2 Nc6 9. a3 b6 10. Be2 Bb7 11. 0-0 Bd6 12. Nc3 d4 13. Ne4 0-0 14. Nxd6 Qxd6 15. b4 Ne5 16. Nxe5 Qxe5 17. f4 Qd6 18. a4 Rfe8 19. Ba3 Re3 20. c5 bxc5 21. bxc5 Qe6 22. Rf2 Re8 23. Bf1 Nh5 24. Bb2 Qf6 25. Qc4 Rd8 26. Bc1 Re1 27. Qb4 Ba6 28. Qxe1 1-0

[Event "GER-chB Seniors 27th"]
[Site "Magdeburg"]
[Date "2015.08.16"]
[Round "2"]
[White "Hartlaub, Marianne"]
[Black "Neumann, Erwin"]
[Result "0-1"]
[WhiteElo "1562"]
[BlackElo "1890"]
[PlyCount "85"]
[EventDate "2015.08.15"]
[EventType "swiss"]
[EventRounds "9"]
[EventCountry "GER"]
[SourceTitle "EXT 2018"]
[Source "ChessBase"]
[SourceDate "2017.10.13"]
[SourceVersion "1"]
[SourceVersionDate "2017.10.13"]
[SourceQuality "1"]

1. Nf3 Nf6 2. c4 d5 3. cxd5 Nxd5 4. g3 Nc6 5. Bg2 e6 6. 0-0 Bd6 7. Re1 0-0 8. e4 Nb6 9. Nc3 e5 10. a3 Be6 11. b4 a6 12. d3 f6 13. Be3 Nc8 14. d4 exd4 15. Nxd4 Nxd4 16. Bxd4 Ne7 17. f4 Nc8 18. Bf2 Be7 19. Nd5 Re8 20. Rc1 Bf8 21. Qf3 Bxd5 22. exd5 Rxe1+ 23. Rxe1 Ne7 24. Qb3 Kh8 25. Rd1 Nf5 26. Qd3 Nd6 27. Bh3 Qe8 28. Be6 Qb5 29. Qc2 Qc4 30. Rc1 b5 31. Bc5 Qxc2 32. Rxc2 Nc4 33. Bxf8 Rxf8 34. Rc3 Re8 35. f5 g6 36. g4 gxf5 37. Bxf5 Re7 38. Rg3 Rg7 39. Bc8 Nxa3 40. Bxa6 Nc2 41. Bxb5 Nxb4 42. Bc4 Nc2 43. Kf2 0-1

[Event "MVP-ch Seniors op 14th"]
[Site "Binz"]
[Date "2014.12.01"]
[Round "7"]
[White "Neumann, Erwin"]
[Black "Manthey, Juergen"]
[Result "0-1"]
[WhiteElo "1756"]
[BlackElo "1926"]
[PlyCount "100"]
[EventDate "2014.11.25"]
[EventType "swiss"]
[EventRounds "9"]
[EventCountry "GER"]
[SourceTitle "EXT 2016"]
[Source "ChessBase"]
[SourceDate "2015.10.08"]
[SourceVersion "1"]
[SourceVersionDate "2015.10.08"]
[SourceQuality "1"]

1. e4 c5 2. c3 Nf6 3. e5 Nd5 4. Nf3 Nc6 5. d4 cxd4 6. cxd4 d6 7. Be2 dxe5 8. dxe5 e6 9. 0-0 Be7 10. Nc3 Nxc3 11. Qxd8+ Bxd8 12. bxc3 Ba5 13. Bb2 Bd7 14. Rfd1 Bc7 15. c4 0-0-0 16. a4 h6 17. Bc3 Rhf8 18. a5 a6 19. c5 f6 20. exf6 gxf6 21. Bc4 e5 22. Rd2 Ne7 23. Bb4 Bc6 24. Be6+ Kb8 25. Rad1 Rxd2 26. Rxd2 Rd8 27. Rxd8+ Bxd8 28. Nh4 Be4 29. f3 Bc2 30. g4 Nc6 31. Bd2 Nxa5 32. Bxh6 Nb3 33. Bf8 a5 34. Nf5 a4 35. Ne3 Nd4 36. Nxc2 Nxe6 37. Bd6+ Kc8 38. h4 Nd4 39. Na3 Nxf3+ 40. Kf2 Nxh4 41. Ke2 Kd7 42. g5 fxg5 43. Bxe5 Kc6 44. Bd4 Be7 45. Be3 Nf5 46. Bc1 Kxc5 47. Nc2 Nd4+ 48. Kd3 Nxc2 49. Kxc2 b5 50. Kb1 Kc4 0-1

[Event "MVP-ch Seniors op 14th"]
[Site "Binz"]
[Date "2014.11.29"]
[Round "5"]
[White "Neumann, Erwin"]
[Black "Pape, Manfred"]
[Result "0-1"]
[WhiteElo "1756"]
[BlackElo "1997"]
[PlyCount "42"]
[EventDate "2014.11.25"]
[EventType "swiss"]
[EventRounds "9"]
[EventCountry "GER"]
[SourceTitle "EXT 2016"]
[Source "ChessBase"]
[SourceDate "2015.10.08"]
[SourceVersion "1"]
[SourceVersionDate "2015.10.08"]
[SourceQuality "1"]

1. e4 g6 2. d4 Bg7 3. Nc3 d6 4. Bc4 c6 5. Qf3 d5 6. exd5 Nf6 7. dxc6 Nxc6 8. d5 Nd4 9. Qd3 Ng4 10. Nf3 Bf5 11. Ne4 Qb6 12. 0-0 Nxf3+ 13. gxf3 Ne5 14. Bb5+ Kf8 15. Be3 Nxd3 16. Bxb6 Ne5 17. Nc5 axb6 18. Nxb7 Nxf3+ 19. Kg2 Be4 20. Bc6 Rb8 21. Rfe1 Nxe1+ 0-1

[Event "MVP-ch Seniors op 14th"]
[Site "Binz"]
[Date "2014.11.28"]
[Round "4"]
[White "Kotlar, Alfred"]
[Black "Neumann, Erwin"]
[Result "0-1"]
[WhiteElo "1953"]
[BlackElo "1756"]
[PlyCount "66"]
[EventDate "2014.11.25"]
[EventType "swiss"]
[EventRounds "9"]
[EventCountry "GER"]
[SourceTitle "EXT 2016"]
[Source "ChessBase"]
[SourceDate "2015.10.08"]
[SourceVersion "1"]
[SourceVersionDate "2015.10.08"]
[SourceQuality "1"]

1. d4 Nf6 2. Nf3 e6 3. Bf4 b6 4. Nbd2 Bb7 5. c4 Be7 6. h3 d6 7. e3 Ne4 8. Be2 Nd7 9. 0-0 f5 10. Nxe4 Bxe4 11. Nd2 0-0 12. Qb3 Nf6 13. Rac1 c5 14. Rcd1 Qc8 15. Nxe4 Nxe4 16. Bh2 Qe8 17. Bf3 Rc8 18. Qc2 d5 19. cxd5 cxd4 20. Qd3 dxe3 21. Bxe4 exf2+ 22. Kh1 fxe4 23. Qxe4 exd5 24. Rxd5 Bc5 25. Re5 Qb5 26. Qe2 Qxe2 27. Rxe2 Rce8 28. Rxe8 Rxe8 29. g4 Re2 30. Bb8 Rxb2 31. Bxa7 Rxa2 32. Bb8 Re2 33. Kg2 Re1 0-1